000 00554nam a2200205Ia 4500
005 20250923150001.0
008 008 250917s9999 xx 000 0 eng d
037 _aTextual
040 _aDSWL
_beng
_cDSWL
041 _aeng
_2eng
084 _aY:7:7x2, N98.1
_qDSWL
245 0 _aTowards People Centered Development
_cEd. by Murli Desai
260 _aMumbai
_bT.I.S.S.
_c1998
300 _a290 p.
365 _aINR
_b220.00
490 _vPart I
925 _g220.00
942 _cTEXL
_hY:7:7x2, N98.1
999 _c1458135
_d1458135